Revista Katl̀ysis

Detalles Bibliográficos
Formato: Desconocido
Publicado: [s.l]: Universidade Federal de Santa Catarina
Materias:
Acceso en línea:Acceso restringido

MARC

LEADER 00000ny aa2200000n 44500
005 20110504130917.0
008 110504s20009999bl u b i0 0 a por d
022 |a 1982-0259  
035 |a 5416 
040 |a vLex 
090 |c 2114  |d 2114 
245 0 0 |a Revista Katl̀ysis   |h [Recurso electrn̤ico] 
256 |a Servicio en ln̕ea. 
260 |a [s.l]:  |b Universidade Federal de Santa Catarina 
300 |a 1 recurso electrn̤ico 
506 1 |a Contenido solo disponible en los productos indicados  |d vLex Global  |d vLex Global (Academic Edition, excluding Law Schools)  |d vLex Global (U.S. Academic Edition, Law Schools)  |d vLex Global (U.S. Academic Edition, excluding Law Schools)  |d vLex Global (Academic Edition, Law Schools) 
650 0 4 |a Servicios sociales  |z Brasil 
740 0 |a vLex Revistas (Servicio en ln̕ea) 
856 4 0 |u http://br.vlex.com/source/revista-katalysis-5416  |z Acceso restringido 
942 |c REV